=LDR 00000nam 2200000 4500 =001 INLIS000000000018152 =005 20130612113332 =008 ***********************************Ind** =035 ##$$0010-061300000018152 =041 ##$$a Ind =082 ##$$a 634 =090 ##$$a 634, Sri m =100 ##$$a Sri Najiyati =245 ##$$a Memilih dan merawat tanaman buah di pekarangan sempit, Ir. Sri Najiyati =260 ##$$a 1989 $b Jakarta =300 ##$$a ix, 129 hlm, ilus, 21 cm =650 ##$$a Tanman Pekarangan =850 ##$$a NBPNMAT